Cat among the pigeons: a Hercule Poirot mystery (Record no. 4914)

000 -LEADER
fixed length control field 00893 a2200229 4500
020 ## - INTERNATIONAL STANDARD BOOK NUMBER
International Standard Book Number 000616174X
040 ## - CATALOGING SOURCE
Original cataloging agency DLC
Language of cataloging DLC
100 1# - MAIN ENTRY--PERSONAL NAME
Personal name Christie, Agatha,
245 10 - TITLE STATEMENT
Title Cat among the pigeons: a Hercule Poirot mystery
Remainder of title a Hercule Poirot mystery
Statement of responsibility, etc. Christie, Agatha
250 ## - EDITION STATEMENT
Edition statement Berkley mass-market ed.
260 ## - PUBLICATION, DISTRIBUTION, ETC.
Place of publication, distribution, etc. New York :
Name of publisher, distributor, etc. Harper Collins,
Date of publication, distribution, etc. 1994,
300 ## - PHYSICAL DESCRIPTION
Extent xi, 224 p. ;
Dimensions 18 cm.
650 #0 - SUBJECT ADDED ENTRY--TOPICAL TERM
Topical term or geographic name entry element Poirot, Hercule (Fictitious character)
650 #0 - SUBJECT ADDED ENTRY--TOPICAL TERM
Topical term or geographic name entry element Private investigators
Geographic subdivision England
650 #0 - SUBJECT ADDED ENTRY--TOPICAL TERM
Topical term or geographic name entry element Boarding schools
651 #0 - SUBJECT ADDED ENTRY--GEOGRAPHIC NAME
Geographic name England
655 #7 - INDEX TERM--GENRE/FORM
Genre/form data or focus term Mystery fiction.
710 2# - ADDED ENTRY--CORPORATE NAME
Corporate name or jurisdiction name as entry element Copyright Paperback Collection (Library of Congress)
856 42 - ELECTRONIC LOCATION AND ACCESS
Materials specified Contributor biographical information
Uniform Resource Identifier <a href="http://www.loc.gov/catdir/enhancements/fy0717/2003576781-b.html">http://www.loc.gov/catdir/enhancements/fy0717/2003576781-b.html</a>
856 42 - ELECTRONIC LOCATION AND ACCESS
Materials specified Publisher description
Uniform Resource Identifier <a href="http://www.loc.gov/catdir/enhancements/fy0717/2003576781-d.html">http://www.loc.gov/catdir/enhancements/fy0717/2003576781-d.html</a>
942 ## - ADDED ENTRY ELEMENTS (KOHA)
Koha item type Book
Call number prefix 823.912 CHR
Source of classification or shelving scheme
Holdings
Withdrawn status Lost status Damaged status Not for loan Collection code Permanent Location Current Location Shelving location Date acquired Source of acquisition Cost, normal purchase price Total Checkouts Total Renewals Full call number Barcode Date last seen Date last checked out Price effective from Koha item type
          Central Library (CL) Central Library (CL) Fiction 03/01/2005 Saeed Book Bank 175.50 1 2 823.912 CHR SEECS005338 02/03/2022 11/03/2015 01/05/2017 Book
© 2023 Central Library, National University of Sciences and Technology. All Rights Reserved.